000 00655nam a22002177a 4500
003 UA-OsUOA
001 50123
007 ta
008 20071024b un ||||| |||| 00| 0 ukr d
100 _aНиколаева П.В.
090 _a82
_bН-12
942 _cSA
040 _aUA-OsUOA
_brus
_cUA-OsUOA
_dUA-OsUOA
245 _aО неконвенциональном слове в творчестве Гоголя Н.В.
300 _aС,29-37 с.
955 _a0
041 _arus
080 _a82
773 0 _w50122
_tФилологические науки
_dМ.
_d2007
_g4
650 7 _a82 Література. Літературознавство
_2UDC
999 _c336222
_d336222